| 000 | 01009nam a22002177a 4500 | ||
|---|---|---|---|
| 008 | 100713t xxu||||| |||| 00| 0 eng d | ||
| 082 |
_222 _a320 _bم ك ي |
||
| 100 |
_916231 _aمكيافللي، نيقولو |
||
| 245 |
_aالأمير / _cتعليق بنيتو موسوليني؛ مقدمة كريستيان غاوس ؛ تعريب خيري حماد؛ تعقيب فاروق سعد |
||
| 250 | _aط 12 | ||
| 260 |
_aبيروت : _bدار الآفاق الجديدة، 1985 _c1985 |
||
| 300 |
_a373 ص ؛ _c23 سم |
||
| 541 | _aألف باء ؛ | ||
| 650 |
_916238 _aالسياسة |
||
| 700 |
_916239 _aموسوليني، بنيتو _eتعليق |
||
| 700 |
_916240 _aغاوس، كريستيان _eتقديم |
||
| 700 |
_916241 _aحماد، خيري _eتعريب |
||
| 700 |
_916242 _aسعد، فاروق _eتعقيب |
||
| 942 |
_2ddc _cBB |
||
| 999 |
_c14470 _d14470 |
||